LEADER 01109nam a2200313 i 4500 001 991000762319707536 005 20020507173247.0 008 010112s|||| uk ||| | eng 020 $a0198506015 035 $ab10753771-39ule_inst 035 $aLE01301946$9ExL 040 $aDip.to Matematica$beng 082 0 $a516.07 082 0 $a613.J69 084 $aAMS 53C29 100 1 $aJoyce, Dominic D.$066989 245 10$aCompact manifolds with special holonomy /$cDominic D. Joyce 260 $aOxford, UK ; New York :$bOxford University Press,$c2000 300 $axii, 436 p. ;$c25 cm. 490 0 $aOxford mathematical monographs 500 $aIncludes bibliographical references and index 650 4$aHolonomy groups 650 4$aManifolds (Mathematics) 907 $a.b10753771$b23-02-17$c28-06-02 912 $a991000762319707536 945 $aLE013 53C JOY11 (2000)$g1$i2013000124872$lle013$o-$pE0.00$q-$rl$s- $t0$u1$v0$w1$x0$y.i10847479$z28-06-02 996 $aCompact manifolds with special holonomy$9377320 997 $aUNISALENTO 998 $ale013$b01-01-01$cm$da $e-$feng$guk $h0$i1 LEADER 01148nam0 22003011i 450 001 UON00427316 005 20231205104852.594 010 $a88-7146-292-0 100 $a20130620d1995 |0itac50 ba 101 $aita 102 $aIT 105 $a|||| ||||| 200 1 $a1945$eHiroshima in Italia$etestimonianze di scenziati e intellettuali$fEdoardo Amaldi ... [et al.]$ga cura di Luigi Cortesi 210 $aNapoli$cCUEN$d1995 215 $axiv, 96 p.$d21 cm. 410 1$1001UON00066388$12001 $aˆI ‰quaderni di Giano$v4 606 $aHIROSHIMA$xStoria$3UONC025505$2FI 620 $aIT$dNapoli$3UONL000012 676 $a940.55$cStoria generale d'Europa. 1945 -$v21 700 1$aAMALDI$bEduardo$3UONV217149$0711395 702 1$aCortesi$bLuigi$3UONV031837 712 $aCUEN$3UONV257611$4650 801 $aIT$bSOL$c20250418$gRICA 899 $aSIBA - SISTEMA BIBLIOTECARIO DI ATENEO$2UONSI 912 $aUON00427316 950 $aSIBA - SISTEMA BIBLIOTECARIO DI ATENEO$dSI TEORIA POL0312 $eSI FP 11307 5 996 $a1945$91337663 997 $aUNIOR